Popular 3000 Baby Girl Names for 2024 - Statistics

General Stats
  • This quiz has been taken 280 times
  • The average score is 314 of 2999
Answer Stats
Rank Letter Answer % Correct
1072 A Ann
85%
2408 A Ali
81%
79 A Anna
81%
31 A Abigail
75%
463 A Ari
71%
200 A Amy
69%
202 A Annie
68%
8 A Ava
68%
2012 A Alex
67%
65 A Alice
67%
224 A Ana
66%
24 A Aria
66%
106 B Bella
66%
2473 M Mar
66%
523 A Angel
65%
581 A Anne
65%
603 A Alexa
64%
4 A Amelia
64%
116 E Eliza
63%
204 A Alexandra
60%
3 C Charlotte
60%
112 E Eva
60%
600 E Eve
60%
177 A Ada
59%
484 A Amanda
59%
15 E Elizabeth
59%
2244 I Isa
59%
1137 E Emi
58%
2 E Emma
58%
164 I Isabel
58%
2331 I Isabell
58%
2434 C Carol
57%
32 E Ella
57%
441 E Elle
57%
39 G Grace
57%
623 A Abby
56%
96 A Ariana
56%
126 A Ashley
56%
2552 E Elli
56%
1450 M Mari
56%
26 C Chloe
55%
7 I Isabella
55%
135 M Mary
55%
189 S Sara
55%
1426 M May
54%
86 A Aaliyah
53%
62 A Addison
53%
2028 A Arie
53%
83 C Caroline
53%
478 K Kate
53%
365 L Laura
53%
1 O Olivia
53%
449 A Alexis
52%
440 A Alicia
52%
1800 A Annabel
52%
332 C Catherine
52%
110 D Daisy
52%
122 J Julia
52%
707 J Julie
52%
343 L Lauren
52%
801 L Lea
52%
91 S Sarah
52%
173 A Andrea
51%
256 A Angela
51%
314 A Angelina
51%
228 D Diana
51%
27 E Ellie
51%
525 H Hanna
51%
6 M Mia
51%
124 R Rose
51%
2482 A Ani
50%
74 A Audrey
50%
99 C Clara
50%
779 D Dani
50%
18 E Emily
50%
575 A Amber
49%
101 A Aubrey
49%
719 B Bethany
49%
910 B Bria
49%
67 C Claire
49%
9 E Evelyn
49%
404 A Alexandria
48%
471 A Alison
48%
2409 A Ami
48%
515 A April
48%
29 A Avery
48%
1009 B Belle
48%
703 C Christina
48%
281 J Jane
48%
82 M Maria
48%
255 R Rachel
48%
37 Z Zoe
48%
1194 B Betty
47%
517 J Jennifer
47%
553 J Jessica
47%
20 L Lily
47%
40 L Lucy
47%
184 A Alana
46%
22 A Aurora
46%
495 D Danielle
46%
171 J June
46%
2669 A Adria
45%
341 A Annabelle
45%
288 A Ariel
45%
2511 B Bea
45%
435 C Charli
45%
93 C Cora
45%
33 I Isla
45%
81 J Jade
45%
10 L Luna
45%
5 S Sophia
45%
60 S Sophie
45%
2506 A Adrian
44%
75 A Autumn
44%
299 B Brooke
44%
1265 C Cara
44%
424 C Carolina
44%
1166 C Christine
44%
249 G Gracie
44%
48 H Hannah
44%
397 H Helen
44%
169 K Katherine
44%
53 L Leah
44%
25 N Nora
44%
45 V Victoria
44%
503 A Allie
43%
269 G Gia
43%
159 I Isabelle
43%
38 I Ivy
43%
2867 N Natali
43%
181 O Olive
43%
1775 S Sama
43%
333 A Alyssa
42%
635 A Angelica
42%
265 E Evie
42%
405 F Frances
42%
89 G Gabriella
42%
450 H Holly
42%
64 J Josephine
42%
2114 A Abbie
41%
100 A Allison
41%
963 C Carla
41%
658 E Erin
41%
242 F Faith
41%
78 I Iris
41%
1377 J Joan
41%
208 M Molly
41%
46 S Stella
41%
71 A Adeline
40%
1204 A Annabella
40%
172 B Bailey
40%
221 B Blake
40%
152 B Brianna
40%
84 B Brooklyn
40%
431 D Daniella
40%
2847 D Diane
40%
138 E Esther
40%
2077 F Flor
40%
11 H Harper
40%
1356 J Jasmin
40%
292 J Juliet
40%
884 K Kimber
40%
2595 L Luci
40%
401 M Michelle
40%
63 N Natalie
40%
317 R Rebecca
40%
668 R Rosa
40%
114 S Samantha
40%
12 S Sofia
40%
1127 A Adela
39%
309 A Adriana
39%
1826 E Ela
39%
14 E Eleanor
39%
42 E Emilia
39%
2035 J Janet
39%
108 J Josie
39%
409 M Melissa
39%
327 N Nicole
39%
43 R Riley
39%
261 T Taylor
39%
877 B Barbara
38%
587 B Beatrice
38%
336 C Camilla
38%
125 C Charlie
38%
970 D Dana
38%
325 E Esme
38%
400 F Fiona
38%
850 L Lisa
38%
318 M Maggie
38%
823 A Adele
37%
814 A Alexia
37%
555 A Alia
37%
893 A Amelie
37%
502 B Bonnie
37%
179 C Callie
37%
1241 C Cassie
37%
52 D Delilah
37%
47 E Elena
37%
552 G Gabrielle
37%
456 H Helena
37%
302 H Hope
37%
2104 I Indi
37%
629 J Jenna
37%
324 K Kayla
37%
222 K Kimberly
37%
416 L Lana
37%
732 L Lara
37%
271 L Lena
37%
2531 L Lili
37%
132 M Margaret
37%
649 M Marie
37%
50 M Maya
37%
23 P Penelope
37%
85 Q Quinn
37%
66 R Ruby
37%
187 R Ruth
37%
16 V Violet
37%
41 W Willow
37%
268 C Camille
36%
710 C Chelsea
36%
1054 E Ellen
36%
21 G Gianna
36%
90 H Hailey
36%
940 K Kai
36%
207 K Kylie
36%
263 L Lola
36%
2563 L Lou
36%
411 M Mira
36%
354 P Paige
36%
304 V Vanessa
36%
167 A Anastasia
35%
784 C Carly
35%
1883 C Courtney
35%
439 D Destiny
35%
1647 E Ever
35%
374 F Francesca
35%
176 G Gemma
35%
128 G Georgia
35%
815 G Gwen
35%
1272 I India
35%
1303 J Jenny
35%
799 J Jessie
35%
455 J Joy
35%
773 K Kelly
35%
30 L Layla
35%
209 L Lia
35%
213 L Lila
35%
36 M Madison
35%
506 M Mae
35%
28 M Mila
35%
229 S Selena
35%
1120 S Susan
35%
150 A Alina
34%
467 D Dorothy
34%
274 E Elise
34%
1028 E Elsa
34%
72 K Kennedy
34%
694 M Megan
34%
191 P Phoebe
34%
392 R Rosie
34%
1187 A Addie
33%
284 A Adelaide
33%
461 A Alma
33%
443 A Anya
33%
227 A Arabella
33%
188 A Arianna
33%
76 A Athena
33%
913 A August
33%
104 A Ayla
33%
480 C Cameron
33%
434 C Carmen
33%
1615 C Cindy
33%
873 C Cynthia
33%
77 E Eden
33%
866 E Elia
33%
684 F Flora
33%
521 F Florence
33%
190 J Jasmine
33%
160 J Juliette
33%
1095 K Karen
33%
957 L Lilia
33%
44 N Naomi
33%
493 P Paris
33%
1183 P Patricia
33%
465 S Scarlet
33%
468 S Stephanie
33%
464 B Bianca
32%
748 B Bridget
32%
447 C Cali
32%
13 C Camila
32%
639 C Cassandra
32%
504 E Edith
32%
316 K Kendall
32%
809 L Louisa
32%
586 L Louise
32%
2397 M Madelin
32%
375 S Serena
32%
236 Z Zara
32%
51 Z Zoey
32%
1407 A Aimee
31%
1292 B Brenda
31%
1049 C Casey
31%
163 E Elsie
31%
248 J Juliana
31%
56 | 197 P Paisley
31%
162 A Amaya
30%
470 B Briana
30%
496 C Cassidy
30%
1978 D Donna
30%
2586 D Dora
30%
421 E Elisa
30%
69 E Everly
30%
1323 H Heather
30%
499 J Jordan
30%
97 L Lydia
30%
1087 M Melani
30%
102 M Millie
30%
95 N Natalia
30%
338 N Nina
30%
289 P Poppy
30%
140 S Sienna
30%
141 S Summer
30%
410 V Veronica
30%
1743 A Ally
29%
1308 A Ashly
29%
865 B Billie
29%
239 B Blair
29%
2583 C Carrie
29%
241 D Daphne
29%
1885 D Debora
29%
80 E Eloise
29%
454 F Felicity
29%
136 F Freya
29%
782 J Jamie
29%
2621 J Jean
29%
216 K Khloe
29%
558 L Lilian
29%
842 L Linda
29%
1169 L Liz
29%
285 L Lucille
29%
94 M Madeline
29%
582 M Mara
29%
267 O Ophelia
29%
706 P Paula
29%
676 P Penny
29%
59 S Sadie
29%
1561 T Tia
29%
131 A Amira
28%
737 A Angie
28%
417 A Arielle
28%
858 B Brittany
28%
34 E Eliana
28%
19 H Hazel
28%
339 J Joanna
28%
180 K Kaylee
28%
313 L London
28%
109 L Lucia
28%
839 M Maddie
28%
1163 M Marian
28%
35 N Nova
28%
1330 S Sally
28%
566 S Sierra
28%
1381 S Sofie
28%
87 V Vivian
28%
1298 W Wendy
28%
134 B Brielle
27%
137 C Cecilia
27%
2286 J Jackie
27%
1035 J Jada
27%
2142 K Katy
27%
542 M Margo
27%
1327 N Noel
27%
396 S Sabrina
27%
783 S Sky
27%
864 A Aliya
26%
1188 A Amal
26%
123 A Amara
26%
723 A Andi
26%
300 C Celine
26%
1200 C Crystal
26%
262 D Dakota
26%
252 D Daniela
26%
1232 E Erica
26%
2675 E Evan
26%
671 G Gloria
26%
351 H Heidi
26%
330 J Julianna
26%
130 M Melanie
26%
247 M Morgan
26%
17 S Scarlett
26%
144 V Valerie
26%
192 A Adaline
25%
195 A Adalyn
25%
319 A Adelyn
25%
1459 A Anita
25%
185 A Ariella
25%
139 A Arya
25%
832 A Ashlyn
25%
214 A Aspen
25%
399 A Astrid
25%
371 A Aurelia
25%
2072 B Bryn
25%
1917 C Coral
25%
1167 D Dina
25%
161 E Emerson
25%
487 G Gracelyn
25%
514 H Heaven
25%
1214 I Imogen
25%
1060 J Joyce
25%
583 L Lina
25%
673 M Martha
25%
437 M Matilda
25%
251 M Miriam
25%
728 M Monica
25%
489 N Nadia
25%
986 N Natasha
25%
642 N Nia
25%
121 P Parker
25%
2661 P Polly
25%
794 S Savanna
25%
1314 S Sharon
25%
1974 T Tina
25%
1077 A Agnes
24%
1151 B Britney
24%
2284 C Caitlin
24%
991 C Clare
24%
608 C Cleo
24%
655 I Isabela
24%
240 L Leila
24%
522 L Lexi
24%
2947 L Lillia
24%
293 M Maisie
24%
103 M Melody
24%
576 M Miranda
24%
201 N Norah
24%
2161 R Ren
24%
1753 T Tess
24%
223 V Vera
24%
683 A Adrianna
23%
1683 A Agatha
23%
528 A Amalia
23%
322 A Amina
23%
1121 A Antonia
23%
275 C Celeste
23%
971 D Deborah
23%
1463 D Denise
23%
70 E Emery
23%
212 E Evangeline
23%
380 G Gwendolyn
23%
674 I Irene
23%
539 J Jacqueline
23%
2622 J Joanne
23%
257 L Lilly
23%
98 L Lyla
23%
73 M Maeve
23%
148 M Margot
23%
1170 M Meghan
23%
509 M Meredith
23%
585 M Mina
23%
942 N Nancy
23%
1688 N Nell
23%
143 S Sage
23%
92 S Savannah
23%
1159 T Tara
23%
370 W Winter
23%
379 A Aisha
22%
218 A Alaina
22%
1223 A Alisha
22%
1397 A Angeline
22%
2369 B Betsy
22%
2370 B Bobbi
22%
1747 C Charity
22%
1758 G Gina
22%
687 H Haley
22%
346 H Harley
22%
972 H Hayley
22%
1201 I Ida
22%
1140 J Jillian
22%
1022 K Kathleen
22%
681 K Kathryn
22%
662 K Kelsey
22%
55 L Lillian
22%
702 L Liv
22%
2562 L Loren
22%
1433 L Lori
22%
2865 M Mali
22%
142 P Peyton
22%
1291 A Adrienne
21%
1576 A Alessa
21%
387 A Alessandra
21%
220 A Aliyah
21%
390 A Anaya
21%
155 B Blakely
21%
413 B Brynn
21%
1155 C Clarissa
21%
1085 C Claudia
21%
394 D Demi
21%
381 E Elaine
21%
344 F Fatima
21%
297 G Gabriela
21%
166 G Genevieve
21%
770 G Georgina
21%
749 G Giana
21%
194 H Hallie
21%
231 H Harmony
21%
579 I Indie
21%
2059 I Isobel
21%
2001 J Janice
21%
2763 J Juni
21%
937 K Kara
21%
1763 K Kari
21%
2859 K Kathy
21%
741 K Kendra
21%
430 K Kira
21%
565 K Kyla
21%
88 L Liliana
21%
165 M Mackenzie
21%
58 M Madelyn
21%
2688 N Neva
21%
206 N Noelle
21%
1952 P Pamela
21%
133 P Piper
21%
1206 R Rae
21%
193 R River
21%
182 R Rosalie
21%
1406 R Rya
21%
1065 S Sandra
21%
2042 S Shannon
21%
323 T Tessa
21%
321 T Thea
21%
1186 T Tori
21%
154 V Valeria
21%
2186 Y Yvonne
21%
1778 A Alessi
20%
301 A Alessia
20%
1365 A Annette
20%
296 A Aubree
20%
494 C Camryn
20%
1093 C Carolyn
20%
1928 C Charlene
20%
1812 C Cori
20%
1617 D Dolly
20%
2371 D Doris
20%
1430 E Ema
20%
1814 E Emmi
20%
711 E Estelle
20%
238 H Harlow
20%
1133 H Harriet
20%
903 J Judith
20%
2061 J Julianne
20%
230 K Kiara
20%
1514 K Kristen
20%
775 L Lottie
20%
690 M Macy
20%
310 P Payton
20%
919 P Princess
20%
812 S Skyla
20%
2831 T Tali
20%
2542 T Tamar
20%
896 T Tiffany
20%
428 W Willa
20%
386 A Adelina
19%
596 A Aliana
19%
372 A Alivia
19%
1193 A Alyson
19%
307 A Amari
19%
998 A Angelique
19%
697 A Aya
19%
1685 B Belinda
19%
403 B Briella
19%
1336 C Ciara
19%
2048 E Ellia
19%
170 E Ember
19%
505 E Emmy
19%
610 E Estella
19%
1538 G Georgie
19%
119 H Hadley
19%
2033 I Iva
19%
347 J Jocelyn
19%
1639 J Judy
19%
68 K Kinsley
19%
698 K Kyra
19%
1586 L Lois
19%
278 M Mabel
19%
245 M Mariana
19%
1892 M Marin
19%
1626 Q Queen
19%
168 R Reagan
19%
311 R Rosemary
19%
844 T Teresa
19%
453 A Alanna
18%
816 A Alena
18%
1854 A Anabella
18%
2546 A Anabelle
18%
1653 C Constance
18%
253 D Dahlia
18%
648 D Dylan
18%
1940 E Edna
18%
660 E Eileen
18%
686 H Halle
18%
725 H Hana
18%
1933 I Izzy
18%
1197 J Jana
18%
670 L Leslie
18%
2092 L Lindsay
18%
2106 L Lizzie
18%
616 S Sasha
18%
306 S Sydney
18%
264 T Talia
18%
1693 T Theresa
18%
560 V Virginia
18%
129 A Adalynn
17%
767 A Aila
17%
120 A Alaia
17%
178 A Alani
17%
408 A Alaya
17%
1372 A Alisa
17%
1684 A Alissa
17%
2483 A Ania
17%
921 A Ashlynn
17%
1399 B Beatrix
17%
1177 B Beverly
17%
2551 B Bobbie
17%
951 C Cadence
17%
1916 C Caitlyn
17%
2781 C Carli
17%
510 C Carter
17%
829 C Celia
17%
1027 D Darcy
17%
1207 D Darla
17%
2102 D Desire
17%
1655 E Edie
17%
2415 E Elin
17%
2268 E Emme
17%
149 E Everleigh
17%
2017 F Francis
17%
2617 G Gabby
17%
345 G Giselle
17%
933 G Greta
17%
219 H Haven
17%
2492 H Hillary
17%
520 I Ivory
17%
750 J Johanna
17%
113 J Juniper
17%
621 K Kaitlyn
17%
768 K Karina
17%
1876 K Katrina
17%
2496 K Kenzi
17%
564 K Kenzie
17%
759 L Lacey
17%
1965 L Lane
17%
985 L Leanna
17%
479 L Liana
17%
356 L Logan
17%
1417 L Lucie
17%
481 L Lyra
17%
444 M Madeleine
17%
742 M Marilyn
17%
573 M Marina
17%
283 M Marley
17%
452 M Miley
17%
1501 N Nadine
17%
118 N Nevaeh
17%
2659 N Neve
17%
805 P Pearl
17%
361 R Raven
17%
1016 R Rebekah
17%
174 R Reese
17%
2052 R Ria
17%
305 R Rory
17%
677 R Ryan
17%
446 S Skye
17%
688 S Sloan
17%
1509 T Tabitha
17%
1842 T Tamara
17%
609 T Tiana
17%
1954 T Toni
17%
2402 T Tracy
17%
49 V Valentina
17%
1071 V Viola
17%
1741 V Vivien
17%
981 W Whitney
17%
196 W Wren
17%
862 Y Yasmin
17%
796 A Aileen
16%
1238 A Alba
16%
1453 A Amor
16%
1731 A Arabelle
16%
1614 A Asia
16%
358 C Charlee
16%
1439 D Delia
16%
1600 D Diamond
16%
757 E Ellis
16%
1055 E Erika
16%
342 E Esmeralda
16%
538 F Frankie
16%
377 G Gracelynn
16%
1219 J Jayde
16%
1312 J Julietta
16%
726 K Kiana
16%
2530 L Leanne
16%
1284 L Lindsey
16%
1659 L Liza
16%
482 M Maddison
16%
393 M Mariah
16%
637 M Michaela
16%
1419 M Mika
16%
2107 M Mona
16%
340 M Mya
16%
488 O Opal
16%
2600 O Orla
16%
2957 R Rachael
16%
1079 R Renee
16%
1364 R Rihanna
16%
1370 R Rita
16%
2744 R Roberta
16%
793 R Robin
16%
107 S Skylar
16%
1270 S Sonia
16%
1542 S Stacy
16%
1296 S Susanna
16%
349 T Trinity
16%
1487 A Adalina
15%
385 A Adelynn
15%
199 A Alora
15%
883 A Andie
15%
1353 A Ariela
15%
516 B Blaire
15%
492 C Calliope
15%
1171 C Chanel
15%
790 C Cheyenne
15%
442 C Colette
15%
724 C Coraline
15%
1045 C Corinne
15%
1899 D Daria
15%
2045 D Deanna
15%
115 E Elliana
15%
1253 E Emilie
15%
500 F Faye
15%
1423 F Fern
15%
368 H Hayden
15%
1462 I Isis
15%
720 J Jemma
15%
571 K Keira
15%
715 L Laurel
15%
436 M Mckenzie
15%
1829 M Milly
15%
1796 M Mindy
15%
1147 M Mollie
15%
153 O Oakley
15%
526 R Rhea
15%
2602 S Sandy
15%
997 S Shay
15%
624 S Skyler
15%
1629 T Tyler
15%
1821 Y Yvette
15%
598 A Ainsley
14%
546 A Alejandra
14%
362 A Amora
14%
956 A Annika
14%
1745 A Ashton
14%
2087 B Brenna
14%
147 C Catalina
14%
497 C Cecelia
14%
1010 C Celina
14%
1374 C Cristina
14%
1860 D Darlene
14%
2348 D Dawn
14%
1208 D Desiree
14%
738 E Elodie
14%
282 F Finley
14%
2978 H Henrietta
14%
1944 H Hermione
14%
2313 I Izabel
14%
2760 J Jeanette
14%
2332 J Jennie
14%
1038 K Kaya
14%
1580 K Kristina
14%
1748 L Laine
14%
211 L Leia
14%
949 L Luisa
14%
429 M Mallory
14%
1550 M Marissa
14%
2474 M Max
14%
326 M Mckenna
14%
298 N Noa
14%
826 O Ocean
14%
777 P Paulina
14%
353 R Raya
14%
233 R Rowan
14%
426 S Sylvia
14%
1235 A Aida
13%
315 A Alayna
13%
2720 A Alea
13%
2014 A America
13%
1244 A Amia
13%
2084 A Anali
13%
1018 A Aniya
13%
1801 A Arlene
13%
1124 A Averi
13%
2237 A Avia
13%
367 A Azalea
13%
935 B Bailee
13%
2926 B Brandy
13%
490 B Brinley
13%
254 B Brynlee
13%
729 C Charley
13%
2459 C Coco
13%
2239 C Colleen
13%
902 D Dalia
13%
1859 D Dara
13%
234 D Delaney
13%
946 E Eleanora
13%
995 E Elisabeth
13%
1468 E Evangelina
13%
2139 E Evelin
13%
320 E Evelynn
13%
57 G Genesis
13%
1237 H Haylee
13%
2819 H Hilary
13%
2021 I Indiana
13%
1098 I Ivana
13%
1539 J Janie
13%
355 J Jayla
13%
645 J Jazmin
13%
2792 J Jemima
13%
266 J Jordyn
13%
186 K Kaia
13%
631 K Kayleigh
13%
1100 K Kiera
13%
774 K Kylee
13%
312 L Laila
13%
518 L Leona
13%
1126 L Lexie
13%
376 L Lilliana
13%
824 L Livia
13%
764 L Loretta
13%
734 L Love
13%
329 L Luciana
13%
1891 L Lucinda
13%
536 L Lyric
13%
696 M Maci
13%
459 M Maia
13%
885 M Marianna
13%
1905 M Marianne
13%
2197 M Marla
13%
1985 M Maura
13%
2125 M Melinda
13%
183 M Myla
13%
594 M Myra
13%
846 N Nala
13%
825 N Naya
13%
1508 N Nelly
13%
1852 N Nicolette
13%
739 N Nola
13%
250 N Nyla
13%
279 O Octavia
13%
2742 P Pauline
13%
1457 P Pia
13%
656 P Priscilla
13%
905 R Raquel
13%
127 R Remi
13%
1691 R Roma
13%
117 R Rylee
13%
664 S Siena
13%
151 S Sloane
13%
1869 S Sonya
13%
1452 S Sybil
13%
359 V Viviana
13%
235 V Vivienne
13%
881 W Winona
13%
1413 Y Yasmine
13%
2220 A Adelia
12%
1488 A Alannah
12%
1202 A Aliah
12%
1395 A Alya
12%
625 A Amaia
12%
849 A Anais
12%
2188 A Aris
12%
1340 A Asha
12%
549 A Averie
12%
758 A Aviana
12%
1808 A Avril
12%
422 A Aylin
12%
373 B Brooklynn
12%
2513 C Carlie
12%
1236 C Carson
12%
647 D Della
12%
335 D Dream
12%
531 E Emelia
12%
744 E Emerald
12%
771 E Emmie
12%
2269 F Francine
12%
1156 F Frida
12%
2703 G Gretchen
12%
383 H Hattie
12%
483 I Izabella
12%
2520 I Izabelle
12%
334 J Journey
12%
391 J Julieta
12%
290 K Kali
12%
533 K Kora
12%
54 L Lainey
12%
1285 L Lorena
12%
513 M Maxine
12%
1795 M Melania
12%
611 N Nellie
12%
580 O Oaklyn
12%
2537 P Pippa
12%
1295 R Robyn
12%
105 S Serenity
12%
1953 S Sheila
12%
661 S Shelby
12%
927 S Simone
12%
2481 U Uma
12%
612 W Winnie
12%
1119 Z Zola
12%
1288 A Alara
11%
979 A Allyson
11%
1199 A Amilia
11%
427 A Annalise
11%
2151 A Aoife
11%
1856 A Aubri
11%
2886 A Audree
11%
1020 A Ayana
11%
2085 A Ayda
11%
887 B Baylee
11%
1703 C Calista
11%
1422 C Carina
11%
2930 C Carissa
11%
237 C Collins
11%
2308 D Dianna
11%
2585 D Dolores
11%
2784 D Dorothea
11%
291 E Elianna
11%
366 E Emory
11%
1196 E Evalyn
11%
1734 G Georgiana
11%
2728 G Ginny
11%
918 I Indy
11%
2003 J Jessa
11%
936 J Joelle
11%
2290 J Junie
11%
1697 K Kasey
11%
852 K Katelyn
11%
751 K Kenna
11%
2037 L Lani
11%
1096 L Libby
11%
474 M Macie
11%
273 M Malia
11%
1671 M Marion
11%
1362 M Marlene
11%
1326 M Martina
11%
644 M Milan
11%
1234 N Neveah
11%
2184 N Norma
11%
1221 R Rain
11%
2448 R Rina
11%
1344 S Sia
11%
1043 T Tilly
11%
203 Z Zuri
11%
1702 A Adalia
10%
1040 A Adara
10%
1258 A Addyson
10%
217 A Aitana
10%
389 A Alayah
10%
1154 A Amiya
10%
928 A Anika
10%
369 A Aniyah
10%
2642 A Anny
10%
2265 A Anora
10%
287 A Antonella
10%
534 A Ariya
10%
460 A Armani
10%
2165 A Asa
10%
1068 A Aubrie
10%
1846 A Audra
10%
1677 A Austin
10%
828 B Bellamy
10%
1915 B Blanca
10%
2086 B Blossom
10%
1720 B Breanna
10%
2254 B Bree
10%
527 B Bristol
10%
2283 B Brooks
10%
543 C Clementine
10%
2118 D Devin
10%
2137 D Dove
10%
2120 E Effie
10%
2047 E Elana
10%
874 E Elina
10%
2648 E Enid
10%
398 E Everlee
10%
2850 G Gigi
10%
932 G Giovanna
10%
2979 H Hilda
10%
2439 H Hollie
10%
807 H Hunter
10%
964 I Indigo
10%
1678 I Isra
10%
2315 J James
10%
692 J Janelle
10%
2022 J Jayden
10%
922 J Jazmine
10%
2464 J Jesse
10%
2762 J Joana
10%
548 J Jolene
10%
906 J Jolie
10%
2358 J Jules
10%
1338 J Juno
10%
1037 J Justice
10%
712 K Karla
10%
1529 K Katerina
10%
1141 K Kaylie
10%
1573 K Kit
10%
1783 K Krystal
10%
663 L Laney
10%
61 L Leilani
10%
198 L Lilah
10%
232 L Lilith
10%
699 L Lillie
10%
472 L Lorelai
10%
485 L Lorelei
10%
2739 L Lulu
10%
1670 M Macey
10%
791 M Maisy
10%
614 M Mikayla
10%
2259 M Misha
10%
363 N Navy
10%
445 O Oaklee
10%
157 O Oaklynn
10%
545 P Paislee
10%
2631 P Philippa
10%
348 P Phoenix
10%
2109 P Primrose
10%
2364 R Regan
10%
328 R Regina
10%
2040 R Rena
10%
578 R Rosalia
10%
1004 R Rosalyn
10%
1343 R Roxanne
10%
259 S Samara
10%
708 S Selene
10%
1700 S Serene
10%
1552 S Shirley
10%
1643 S Sidney
10%
892 S Sol
10%
2068 S Star
10%
406 S Sunny
10%
2185 S Susie
10%
425 S Sylvie
10%
308 T Teagan
10%
772 T Theodora
10%
966 T Tru
10%
1467 V Venus
10%
2026 V Violett
10%
384 W Wynter
10%
2837 Y Yolanda
10%
1728 A Addalyn
9%
1257 A Addisyn
9%
2406 A Adella
9%
1729 A Ailana
9%
1805 A Alanis
9%
743 A Aleah
9%
669 A Aleena
9%
943 A Alianna
9%
1831 A Amaria
9%
458 A Amirah
9%
466 A Amiyah
9%
1280 A Anayah
9%
2640 A Annalisa
9%
1996 A Arlo
9%
2281 A Asher
9%
960 A Aura
9%
1857 B Beatriz
9%
294 C Cataleya
9%
295 D Danna
9%
1485 D Dottie
9%
938 E Etta
9%
2788 G Gladys
9%
1259 H Hailee
9%
620 I Ila
9%
2982 I Iona
9%
1036 J Jayda
9%
1761 J Josephina
9%
1866 K Klara
9%
357 L Leighton
9%
2824 L Leonor
9%
1890 L Leonora
9%
602 L Leyla
9%
891 L Liberty
9%
1784 L Lua
9%
1828 L Lula
9%
2596 L Lynette
9%
491 M Madelynn
9%
457 M Makayla
9%
501 M Marlee
9%
1969 M Marlo
9%
2094 M Mirabel
9%
438 M Miracle
9%
1269 O Odette
9%
980 P Paloma
9%
1475 P Petra
9%
977 Q Quincy
9%
795 R Ramona
9%
433 S Saige
9%
280 S Sawyer
9%
244 S Stevie
9%
2747 S Suzanne
9%
1662 T Tania
9%
226 T Tatum
9%
983 V Violette
9%
1112 V Vivianna
9%
705 Z Zelda
9%
2880 Z Zen
9%
1394 A Adina
8%
1799 A Alaiah
8%
718 A Alisson
8%
911 A Amaris
8%
2115 A Amberly
8%
666 A Analia
8%
2205 A Analise
8%
2133 A Anisa
8%
337 A Ariyah
8%
1676 A Arizona
8%
2887 A Aysha
8%
1790 B Blakelee
8%
1809 B Blakelyn
8%
953 B Blessing
8%
1128 B Braylee
8%
550 B Briar
8%
1645 C Camden
8%
1769 C Carlee
8%
1634 C Caylee
8%
2208 C Christiana
8%
2892 C Cloe
8%
675 C Clover
8%
1388 C Cooper
8%
615 D Dallas
8%
622 E Ellianna
8%
2031 E Everlyn
8%
2209 G Glory
8%
1901 G Gwyneth
8%
1392 I Ira
8%
2592 I Irma
8%
1091 K Kailey
8%
2558 K Karly
8%
2861 L Lacy
8%
1479 L Larissa
8%
1181 L Lavender
8%
2737 L Levi
8%
875 L Lilianna
8%
276 L Londyn
8%
535 M Mariam
8%
595 M Mavis
8%
2991 M Melodi
8%
1064 N Nathalie
8%
640 N Noah
8%
414 R Reign
8%
1766 R Rochel
8%
1443 R Rosalind
8%
920 R Ruthie
8%
260 R Ryleigh
8%
407 S Sarai
8%
1379 S Selina
8%
2425 S Selma
8%
1526 S Storm
8%
2054 T Tiara
8%
1570 V Violetta
8%
1066 X Xena
8%
1051 A Aarya
7%
2881 A Abbigail
7%
1026 A Abril
7%
1393 A Adalie
7%
1913 A Addelyn
7%
593 A Ailani
7%
1606 A Aira
7%
1103 A Aleia
7%
659 A Aliza
7%
524 A Alondra
7%
747 A Amayah
7%
512 A Ariah
7%
856 A Artemis
7%
1489 A Avalyn
7%
561 A Avianna
7%
914 A Ayleen
7%
2135 B Bayleigh
7%
1719 B Blakeleigh
7%
2778 B Bloom
7%
754 B Brynleigh
7%
2779 C Calia
7%
1746 C Catarina
7%
897 C Chandler
7%
606 C Charleigh
7%
2891 C Charly
7%
272 E Elaina
7%
2351 E Elisha
7%
898 E Elliot
7%
146 E Emersyn
7%
955 E Emiliana
7%
1861 E Emmalee
7%
1348 F Farrah
7%
2896 F Fia
7%
1592 G Geraldine
7%
912 H Harlee
7%
1168 H Honey
7%
1579 I Ines
7%
2790 I Issa
7%
1862 K Kaci
7%
1448 K Kamilla
7%
511 K Kamryn
7%
2334 K Karli
7%
2793 K Karol
7%
597 K Kinley
7%
820 K Kya
7%
2377 L Lavinia
7%
2444 L Leana
7%
1275 L Lianna
7%
1361 L Lillianna
7%
544 M Maren
7%
1252 M Marjorie
7%
415 M Maryam
7%
2682 M Mason
7%
2213 M Melodie
7%
1787 M Millicent
7%
1797 M Moira
7%
1569 P Paulette
7%
1673 P Priya
7%
1320 R Reece
7%
2745 R Rosanna
7%
2540 R Ryla
7%
554 R Rylie
7%
215 S Saylor
7%
1972 S Siobhan
7%
1870 S Sora
7%
817 T Tallulah
7%
2382 T Tate
7%
1172 T Tatiana
7%
1830 T Tegan
7%
691 V Vienna
7%
175 W Wrenley
7%
613 Y Yara
7%
1263 Z Zoie
7%
1896 A Abrielle
6%
722 A Adalee
6%
2132 A Adaya
6%
1975 A Addalynn
6%
746 A Addilyn
6%
1315 A Addilynn
6%
765 A Adley
6%
2203 A Adora
6%
1607 A Aiza
6%
1017 A Akira
6%
2097 A Alanah
6%
2204 A Aleya
6%
2098 A Alyna
6%
1396 A Amariah
6%
1823 A Amiah
6%
1088 A Aminah
6%
462 A Anahi
6%
2223 A Annabeth
6%
2639 A Annalie
6%
1473 A Annelise
6%
1150 A Ansley
6%
993 A Araya
6%
1855 A Aries
6%
1044 A Aubriella
6%
1030 A Aubrielle
6%
2973 A Auri
6%
1780 A Avalon
6%
1053 A Avalynn
6%
999 A Ayah
6%
1249 A Aylah
6%
944 A Ayra
6%
2844 B Baileigh
6%
1245 B Bernadette
6%
2581 B Blakeley
6%
2071 B Bliss
6%
916 B Braelyn
6%
665 B Braelynn
6%
2346 B Bridgette
6%
2927 B Brigitte
6%
1082 B Brylee
6%
1335 B Brynley
6%
1577 B Brynnlee
6%
2136 C Caia
6%
2780 C Carley
6%
1408 C Carmella
6%
2347 C Cassia
6%
529 C Catie
6%
1824 C Cecily
6%
713 C Chana
6%
2169 C Charlize
6%
2152 C Charm
6%
607 C Chaya
6%
1195 C Chiara
6%
2153 C Claira
6%
1115 C Cordelia
6%
2933 C Corina
6%
1882 C Cosette
6%
448 D Daleyza
6%
853 D Dania
6%
1537 D Danica
6%
730 D Dior
6%
1212 D Dixie
6%
761 D Drew
6%
1375 D Dua
6%
1382 E Elinor
6%
1464 E Elissa
6%
2755 E Ellena
6%
1078 E Ellison
6%
1792 E Elly
6%
432 E Elora
6%
657 E Emberly
6%
423 E Emely
6%
1225 E Emmaline
6%
1410 E Ester
6%
1415 E Evalynn
6%
1138 E Evelina
6%
1930 E Everest
6%
762 E Ezra
6%
689 F Fallon
6%
1547 F Finnley
6%
2936 F Francisca
6%
1125 G Gaia
6%
2818 G Gisele
6%
1178 G Giulia
6%
567 H Halo
6%
1260 H Harleigh
6%
895 H Harmoni
6%
1506 H Hellen
6%
2852 I Iana
6%
1636 I Inez
6%
1152 I Ingrid
6%
1594 I Irina
6%
1441 I Isadora
6%
2730 J Jaci
6%
1507 J Jamila
6%
2557 J Janna
6%
2620 J Jaqueline
6%
2521 J Jasper
6%
1239 J Jewel
6%
2271 J Joni
6%
210 J Journee
6%
2316 J Juanita
6%
1723 J Jude
6%
939 J Julissa
6%
1226 K Kacey
6%
1447 K Kadence
6%
1889 K Kaila
6%
1680 K Kailee
6%
378 K Kalani
6%
861 K Kallie
6%
258 K Kamila
6%
2049 K Karis
6%
1666 K Karlie
6%
2050 K Karmen
6%
1358 K Karolina
6%
962 K Kassidy
6%
2524 K Katelynn
6%
630 K Kennedi
6%
1566 K Kenya
6%
2795 K Kiley
6%
2735 K Klaire
6%
2178 L Lanie
6%
1668 L Leticia
6%
1967 L Lindy
6%
2179 L Luca
6%
843 L Luz
6%
605 L Lylah
6%
360 M Madilyn
6%
145 M Magnolia
6%
537 M Makenzie
6%
350 M Malani
6%
2799 M Marcie
6%
1786 M Margarita
6%
1254 M Mariel
6%
714 M Marigold
6%
924 M Marleigh
6%
1725 M Marli
6%
1368 M Marlow
6%
2801 M Marta
6%
2038 M Maryann
6%
1042 M Mattie
6%
1986 M Mayla
6%
2684 M Mckayla
6%
634 M Mckinley
6%
352 M Meadow
6%
1751 M Melia
6%
1418 M Mercedes
6%
1835 M Mildred
6%
1923 N Nila
6%
1906 N Noella
6%
574 N Noemi
6%
792 N Noor
6%
508 O Oakleigh
6%
1879 O Ollie
6%
2229 O Oona
6%
2630 O Ottilie
6%
1007 P Paisleigh
6%
277 P Palmer
6%
1075 P Paola
6%
1690 P Perry
6%
745 P Persephone
6%
1523 P Preslee
6%
2323 P Prudence
6%
418 R Raegan
6%
1290 R Rebeca
6%
643 R Reina
6%
1153 R Rhiannon
6%
2912 R Rilee
6%
2808 R Rome
6%
2601 R Rosaline
6%
1329 R Rowen
6%
1185 R Rubi
6%
2214 S Sabine
6%
802 S Samira
6%
959 S Saoirse
6%
2960 S Savanah
6%
303 S Selah
6%
1604 S Shayla
6%
1149 S Soraya
6%
872 S Stormi
6%
1287 S Sunday
6%
1175 T True
6%
1754 V Verity
6%
651 V Violeta
6%
2403 X Xenia
6%
158 X Ximena
6%
1421 Z Zarah
6%
1936 Z Zari
6%
2202 Z Zena
6%
1262 Z Zia
6%
1663 A Aadya
5%
2219 A Abriella
5%
2838 A Acacia
5%
2405 A Adah
5%
2968 A Adelyne
5%
1768 A Adilynn
5%
2670 A Ailen
5%
1590 A Ailyn
5%
2920 A Aja
5%
1956 A Alaska
5%
619 A Amani
5%
1543 A Amarah
5%
848 A Amiri
5%
1718 A Amya
5%
990 A Amyra
5%
2508 A Anissa
5%
2698 A Annemarie
5%
1871 A Arayah
5%
1136 A Ariadne
5%
604 A Arlet
5%
1872 A Aryana
5%
1957 A Aryanna
5%
1694 A Ashanti
5%
1789 A Asma
5%
838 A Aspyn
5%
2044 A Audriana
5%
1073 A Austyn
5%
1062 A Avah
5%
1545 A Avaya
5%
941 A Avayah
5%
2509 A Avie
5%
1165 A Ayanna
5%
1000 A Aylani
5%
753 B Baylor
5%
835 B Berkley
5%
1058 B Bexley
5%
1651 B Blakelynn
5%
1848 B Brinlee
5%
2888 B Brinleigh
5%
1977 B Bryanna
5%
2490 B Bryce
5%
1608 C Calla
5%
2433 C Carleigh
5%
1581 C Clarke
5%
1486 E Eila
5%
1873 E Eloisa
5%
806 E Elyse
5%
1556 E Emilee
5%
1031 E Emmalyn
5%
948 E Emmeline
5%
2193 E Eunice
5%
1390 E Everley
5%
469 F Fernanda
5%
1695 G Gema
5%
498 H Haisley
5%
2938 H Hera
5%
568 H Holland
5%
1980 H Honor
5%
2901 I Imogene
5%
364 I Itzel
5%
2105 J Jacquelyn
5%
2173 J Jaya
5%
1179 J Jaylee
5%
477 J Jimena
5%
1946 J Johana
5%
1190 J Jovi
5%
2141 K Kacie
5%
1474 K Kamille
5%
2732 K Karissa
5%
2905 K Karley
5%
2246 K Karoline
5%
890 K Karter
5%
451 K Katalina
5%
1864 K Katarina
5%
156 K Kehlani
5%
1816 K Kelsie
5%
1105 K Kyleigh
5%
1983 L Laia
5%
2078 L Layna
5%
1947 L Lenna
5%
243 L Lennon
5%
2948 L Livie
5%
2123 L Lucianna
5%
786 M Marisol
5%
2711 M Marnie
5%
654 M Melina
5%
833 M Mercy
5%
1110 N Nathalia
5%
2828 N Nella
5%
900 N Nori
5%
766 N Novalee
5%
1853 O Odessa
5%
2230 P Posie
5%
395 R Raelyn
5%
641 R Remy
5%
473 R Renata
5%
1627 R Romi
5%
1276 R Romy
5%
868 R Rosalina
5%
2449 R Roya
5%
1988 S Sabina
5%
901 S Salma
5%
973 S Sapphire
5%
1048 S Scarlette
5%
1740 S Shae
5%
286 S Shiloh
5%
2998 S Simona
5%
2717 S Sonja
5%
1039 S Spencer
5%
2999 S Stefania
5%
1926 S Stormy
5%
2111 S Story
5%
205 S Sutton
5%
2543 T Therese
5%
2113 V Vivianne
5%
1458 W Wednesday
5%
402 X Xiomara
5%
1630 Y Yazmin
5%
756 Z Zaria
5%
863 Z Zora
5%
854 Z Zoya
5%
2343 A Adaleigh
4%
1351 A Adira
4%
855 A Ailany
4%
1067 A Aiyana
4%
988 A Alaiya
4%
1730 A Aleyah
4%
961 A Aleyna
4%
2921 A Allana
4%
2070 A Alyana
4%
2385 A Amarie
4%
1345 A Ameera
4%
2969 A Amen
4%
1832 A Amila
4%
2578 A Aminata
4%
2327 A Amour
4%
1092 A Anaiah
4%
2367 A Anari
4%
2580 A Anastacia
4%
1779 A Anderson
4%
2774 A Annaliese
4%
1937 A Anneliese
4%
803 A Araceli
4%
1052 A Arden
4%
2750 A Ariyana
4%
1958 A Ashtyn
4%
1898 A Audrina
4%
1632 A Aysel
4%
2099 A Ayva
4%
695 A Azari
4%
804 A Azaria
4%
563 A Azariah
4%
2206 A Azura
4%
2266 B Berkeley
4%
1755 B Brayleigh
4%
1811 B Briley
4%
1732 B Bryleigh
4%
1282 C Carsyn
4%
2890 C Caydence
4%
2782 C Chasity
4%
646 D Davina
4%
1389 D Delani
4%
2848 D Dillon
4%
1721 D Diya
4%
2817 D Dominique
4%
667 E Elliott
4%
2725 E Eman
4%
1267 E Emeri
4%
2849 E Eugenia
4%
2353 E Everlie
4%
1997 E Everlynn
4%
1309 F Farah
4%
1528 G Geneva
4%
685 G Goldie
4%
1012 G Guinevere
4%
894 H Hadlee
4%
1002 H Hadleigh
4%
2591 H Havana
4%
2465 J Jocelynn
4%
2272 J Josefina
4%
588 J Jovie
4%
1424 K Karlee
4%
672 K Kataleya
4%
709 K Khaleesi
4%
1416 K Kingsley
4%
968 L Layne
4%
1966 L Leen
4%
1134 L Leena
4%
1325 L Liah
4%
2157 L Lilyann
4%
2396 L Livvy
4%
1350 L Lorraine
4%
1804 L Luana
4%
1063 M Madisyn
4%
1286 M Maeva
4%
908 M Magdalena
4%
2472 M Manuela
4%
1109 M Mariella
4%
1587 M Marlie
4%
2320 M Mei
4%
632 M Melany
4%
2081 M Minerva
4%
530 M Monroe
4%
382 N Nylah
4%
1217 P Patience
4%
1625 P Pepper
4%
2566 P Precious
4%
111 R Raelynn
4%
925 R Raina
4%
717 R Rayna
4%
2128 R Ronnie
4%
1798 R Rosalynn
4%
2568 R Rosario
4%
1840 R Rosemarie
4%
2914 R Roxanna
4%
1001 R Royal
4%
1255 R Rue
4%
1008 R Ryann
4%
420 S Salem
4%
2041 S Shania
4%
2962 S Shayna
4%
1385 S Silvia
4%
2261 S Susana
4%
2604 S Suzanna
4%
1466 T Tala
4%
2771 T Teddy
4%
880 W Waverly
4%
967 W Winifred
4%
584 W Wrenlee
4%
1510 Y Yael
4%
1911 Y Yana
4%
1563 Z Zaina
4%
1414 A Aanya
3%
2606 A Aditi
3%
2749 A Adlee
3%
987 A Ainhoa
3%
1300 A Alaiyah
3%
2149 A Alanni
3%
2719 A Alayla
3%
2577 A Aleigha
3%
1806 A Alita
3%
2235 A Aliyana
3%
2366 A Alorah
3%
1373 A Althea
3%
2428 A Alyanna
3%
2507 A Ameena
3%
633 A Amoura
3%
2579 A Amyah
3%
2457 A Analy
3%
2547 A Ananya
3%
1176 A Annalee
3%
2150 A Annalia
3%
837 A Arely
3%
1271 A Ariadna
3%
559 A Arleth
3%
1914 A Arlett
3%
731 A Arlette
3%
1281 A Arwen
3%
1518 A Aryah
3%
2609 A Astoria
3%
1387 A Ayesha
3%
2368 A Aylen
3%
841 B Belen
3%
1847 B Blythe
3%
1633 C Cambria
3%
572 C Capri
3%
2414 D Darby
3%
1900 D Dasha
3%
486 D Dayana
3%
2674 D Destinee
3%
1213 E Ellery
3%
954 E Elouise
3%
2138 E Emelyn
3%
557 E Emerie
3%
2700 E Eryn
3%
682 E Estrella
3%
2976 E Eviana
3%
2518 G Gala
3%
2103 H Harlie
3%
1834 H Harmonie
3%
787 H Henley
3%
2243 H Hudson
3%
827 I Iliana
3%
2270 I Iman
3%
476 I Imani
3%
736 I Inaya
3%
1961 I Ireland
3%
1157 I Isha
3%
601 I Iyla
3%
2355 J Jaclyn
3%
2463 J Jaylen
3%
2707 J Jayne
3%
1337 J Joselyn
3%
1209 J Juana
3%
1708 J Jupiter
3%
2333 K Kaleigh
3%
2004 K Kalliope
3%
1227 K Kassandra
3%
1686 K Katia
3%
785 K Kinslee
3%
2529 K Kiya
3%
808 K Kori
3%
2063 K Kyrie
3%
929 L Lakelyn
3%
1083 L Lauryn
3%
982 L Laylah
3%
541 L Legacy
3%
2143 L Lela
3%
2946 L Lilibeth
3%
1817 L Lillith
3%
1818 L Liya
3%
930 L Luella
3%
2180 L Lux
3%
904 M Madalyn
3%
1228 M Madalynn
3%
727 M Madilynn
3%
1522 M Magdalene
3%
475 M Makenna
3%
2064 M Marielle
3%
1123 M Miah
3%
1006 M Micah
3%
819 M Mikaela
3%
752 M Milana
3%
270 M Milani
3%
700 M Milena
3%
879 M Miller
3%
1307 M Montana
3%
931 N Nataly
3%
1342 N Nayla
3%
1878 N Nour
3%
704 N Novah
3%
976 N Nyra
3%
2660 O Olympia
3%
1229 O Onyx
3%
2500 O Ozzy
3%
2689 P Paxton
3%
716 P Promise
3%
1222 R Raylee
3%
857 R Rayne
3%
419 R Remington
3%
1559 R Renesmee
3%
569 R Reyna
3%
1560 R Rori
3%
2996 R Roxy
3%
562 R Royalty
3%
1041 R Rylan
3%
1076 S Sailor
3%
1331 S Sana
3%
617 S Scottie
3%
974 S Seraphina
3%
1767 S Shai
3%
2341 T Taryn
3%
1820 T Taya
3%
2966 T Twyla
3%
1278 V Valencia
3%
1080 V Vida
3%
1025 W Wrenleigh
3%
2298 W Wyatt
3%
2096 Y Yasmina
3%
1589 Y Yesenia
3%
556 Z Zahra
3%
876 Z Zainab
3%
412 Z Zariah
3%
834 Z Zendaya
3%
2605 A Aaira
2%
1554 A Aashvi
2%
2187 A Abilene
2%
769 A Adhara
2%
1472 A Adilene
2%
1664 A Adore
2%
2839 A Aela
2%
2454 A Ahana
2%
2344 A Aiko
2%
2882 A Aine
2%
1371 A Aislinn
2%
2263 A Aislynn
2%
2280 A Aitanna
2%
2234 A Aithana
2%
2455 A Aiyanna
2%
2427 A Aiyla
2%
2883 A Alany
2%
2325 A Aleida
2%
2884 A Aleyda
2%
2221 A Alizah
2%
2721 A Alize
2%
2815 A Aloni
2%
2429 A Alyse
2%
1511 A Alyvia
2%
2608 A Amayra
2%
2013 A Ameerah
2%
2116 A Amerie
2%
1164 A Amethyst
2%
2410 A Amiracle
2%
2638 A Amity
2%
2345 A Amorah
2%
2264 A Amore
2%
2840 A Amyrah
2%
2697 A Anayra
2%
2411 A Andromeda
2%
1744 A Angely
2%
2431 A Aniston
2%
2117 A Annaleigh
2%
2922 A Annalynn
2%
2641 A Annamarie
2%
1346 A Anniston
2%
2971 A Anvi
2%
1352 A Anyla
2%
2972 A Aqsa
2%
1544 A Aracely
2%
1438 A Aranza
2%
1321 A Areli
2%
2224 A Aribella
2%
2486 A Arlie
2%
2722 A Arrow
2%
1445 A Asiya
2%
1976 A Asiyah
2%
2923 A Astra
2%
2843 A Atarah
2%
1398 A Atlas
2%
2134 A Avalee
2%
2776 A Avaleigh
2%
840 A Avani
2%
2924 A Avelina
2%
2487 A Avigail
2%
2751 A Avni
2%
1333 A Avyanna
2%
2412 A Ayala
2%
1597 A Ayat
2%
2303 A Azalia
2%
2226 A Azara
2%
2510 A Azariyah
2%
2550 A Azora
2%
2777 A Azra
2%
1334 A Azul
2%
1512 B Baila
2%
2227 B Baker
2%
2305 B Banks
2%
2029 B Beckett
2%
1483 B Bennett
2%
1494 B Bentley
2%
2610 B Berklee
2%
701 B Birdie
2%
1810 B Blayke
2%
1644 B Bowie
2%
2489 B Braylynn
2%
2643 B Brigid
2%
2088 B Brisa
2%
2723 B Brynnleigh
2%
2889 B Brystol
2%
2582 C Caliana
2%
2190 C Caliyah
2%
2611 C Callahan
2%
2191 C Cambrie
2%
2644 C Camdyn
2%
1733 C Camellia
2%
1129 C Campbell
2%
1454 C Carmela
2%
2612 C Channing
2%
1704 C Chava
2%
1598 C Cherish
2%
2646 C Chesney
2%
2816 C Cheyanne
2%
859 C Cielo
2%
1858 C Cienna
2%
2783 C Codi
2%
1089 C Colbie
2%
2584 C Collette
2%
2388 C Collyns
2%
2074 C Cove
2%
1014 D Dafne
2%
1354 D Dalila
2%
1116 D Dalilah
2%
1756 D Danae
2%
2170 D Danika
2%
1242 D Dariana
2%
1959 D Dawson
2%
2460 D Deja
2%
1599 D Delanie
2%
2673 D Delany
2%
1886 D Delta
2%
780 D Denver
2%
2075 D Devora
2%
1527 D Devorah
2%
1104 D Devyn
2%
2974 D Divina
2%
1791 D Divine
2%
2436 D Divinity
2%
781 D Dulce
2%
1555 E Echo
2%
1074 E Egypt
2%
1231 E Elani
2%
1618 E Elanor
2%
1376 E Elara
2%
2894 E Elaya
2%
1656 E Eleanore
2%
1132 E Eleni
2%
2934 E Elliemae
2%
1059 E Elowen
2%
693 E Elowyn
2%
2330 E Elvira
2%
1941 E Elysia
2%
1144 E Emani
2%
1409 E Emberlee
2%
1657 E Emberleigh
2%
1266 E Emberlyn
2%
2935 E Emeline
2%
1431 E Emmalynn
2%
2437 E Emmerson
2%
1565 E Emori
2%
1722 E Emry
2%
1582 E Eris
2%
989 E Esperanza
2%
1591 E Estela
2%
1706 E Evalina
2%
2310 E Evana
2%
2977 F Fabiola
2%
1931 F Fatimah
2%
1918 F Fatoumata
2%
626 F Freyja
2%
1491 G Giada
2%
1173 G Gianni
2%
1034 G Giavanna
2%
889 G Giuliana
2%
2056 G Graciela
2%
1021 G Guadalupe
2%
1942 H Hadassa
2%
618 H Hadassah
2%
1461 H Hafsa
2%
2897 H Haidyn
2%
2000 H Halima
2%
2019 H Halston
2%
1446 H Harlem
2%
2255 H Harlowe
2%
2851 H Harmonee
2%
2311 H Hayes
2%
2555 H Hendrix
2%
1400 H Hollis
2%
2519 H Huda
2%
2285 I Ilana
2%
1960 I Inayah
2%
1637 I Italy
2%
589 I Ivanna
2%
1962 I Ivie
2%
2393 J Jacey
2%
2287 J Jacklyn
2%
1584 J Jael
2%
1310 J Jaelyn
2%
1355 J Janessa
2%
2441 J Jannat
2%
882 J Jaycee
2%
788 J Jayleen
2%
1180 J Jaylene
2%
540 J Jazlyn
2%
1081 J Jazlynn
2%
2375 J Jazmyn
2%
2522 J Jensen
2%
1815 J Jia
2%
2761 J Jiana
2%
1357 J Joey
2%
2494 J Joi
2%
2256 J Jolee
2%
591 J Journi
2%
1305 J Jubilee
2%
2495 K Kaely
2%
1557 K Kaelyn
2%
2090 K Kaelynn
2%
225 K Kailani
2%
1442 K Kailyn
2%
1981 K Kailynn
2%
1316 K Kaira
2%
797 K Kaiya
2%
2731 K Kaley
2%
1114 K Kalia
2%
2856 K Kaliana
2%
2942 K Kamdyn
2%
2858 K Katara
2%
2794 K Kayce
2%
2466 K Kayden
2%
246 K Kaylani
2%
2359 K Kaylen
2%
1530 K Keeley
2%
2652 K Keely
2%
2036 K Keila
2%
636 K Keilani
2%
907 K Keily
2%
2525 K Keisha
2%
1519 K Kelani
2%
1497 K Kenley
2%
755 K Kensley
2%
2734 K Khali
2%
1736 K Kianna
2%
2527 K Kinlee
2%
2821 K Kinleigh
2%
1520 K Kinsleigh
2%
1737 K Koa
2%
1032 K Kodi
2%
2062 K Kyah
2%
1233 K Kylah
2%
2860 K Kyrah
2%
1122 L Lailah
2%
1432 L Lailani
2%
2005 L Laina
2%
1749 L Lainee
2%
1531 L Laken
2%
1146 L Landry
2%
2796 L Landyn
2%
2051 L Laya
2%
1070 L Layan
2%
1724 L Layana
2%
923 L Laylani
2%
1764 L Laynee
2%
1709 L Laynie
2%
1274 L Leela
2%
1198 L Leni
2%
763 L Lenora
2%
2498 L Lenore
2%
1455 L Lesly
2%
1131 L Lettie
2%
1469 L Letty
2%
2378 L Leya
2%
2738 L Leylah
2%
1143 L Leylani
2%
2681 L Leyna
2%
1738 L Lidia
2%
2468 L Lillyana
2%
2987 L Lillyann
2%
899 L Lilyana
2%
1498 L Lilyanna
2%
2144 L Lincoln
2%
1827 L Liora
2%
2594 L Lively
2%
1922 L Lovely
2%
1084 L Loyalty
2%
2797 L Luiza
2%
2195 L Lumi
2%
2798 M Mable
2%
2469 M Mackenna
2%
2006 M Maddox
2%
2292 M Madyson
2%
2709 M Maira
2%
2196 M Maisey
2%
2124 M Maizy
2%
776 M Malaysia
2%
2181 M Malina
2%
2627 M Maliya
2%
532 M Maliyah
2%
1251 M Maple
2%
1086 M Marcella
2%
1215 M Margaux
2%
2336 M Marguerite
2%
1515 M Maribel
2%
2182 M Maritza
2%
836 M Marlowe
2%
1574 M Maryjane
2%
1435 M Maven
2%
2159 M Maverick
2%
1118 M Maylee
2%
958 M Mazie
2%
1480 M Milah
2%
2080 M Milania
2%
2499 M Mirabella
2%
2198 M Mirabelle
2%
1317 M Miya
2%
1029 M Moriah
2%
519 M Murphy
2%
1427 M Myah
2%
388 M Mylah
2%
1836 M Mylee
2%
1532 N Naia
2%
1819 N Naveah
2%
1294 N Navi
2%
2803 N Navie
2%
2108 N Navya
2%
331 N Nayeli
2%
2805 N Niomi
2%
2127 N Niya
2%
1428 N Noelia
2%
2337 N Nuri
2%
1970 N Nya
2%
2039 N Nyah
2%
2599 O Ofelia
2%
1602 O Oriana
2%
1699 P Paityn
2%
2993 P Peace
2%
1184 P Perla
2%
2322 P Philomena
2%
2160 P Presleigh
2%
2248 P Priscila
2%
2424 R Raelee
2%
1502 R Raine
2%
2338 R Rania
2%
1611 R Rayla
2%
1248 R Raylynn
2%
2807 R Rebel
2%
2768 R Reva
2%
2250 R Rhyan
2%
2870 R Rhys
2%
1880 R Rio
2%
2958 R Riva
2%
740 R Rivka
2%
1108 R Riya
2%
1047 R Rosalee
2%
2632 R Rosaleigh
2%
926 R Roselyn
2%
1533 R Roselynn
2%
1924 R Rumi
2%
2872 R Runa
2%
1211 R Ryder
2%
2232 S Sade
2%
1436 S Safa
2%
1429 S Safiya
2%
1681 S Sahara
2%
1111 S Salome
2%
2215 S Samaya
2%
2746 S Samia
2%
821 S Scout
2%
1909 S Senna
2%
1481 S Serafina
2%
547 S Sevyn
2%
2691 S Shaina
2%
2874 S Shaylee
2%
1024 S Shea
2%
1661 S Shoshana
2%
1061 S Siya
2%
1841 S Skylah
2%
2200 S Skylee
2%
2662 S Sonny
2%
1716 S Stori
2%
1990 S Stormie
2%
2381 S Sunshine
2%
1649 S Suri
2%
1675 T Tahlia
2%
679 T Taytum
2%
2131 T Terra
2%
570 T Thalia
2%
2383 T Theadora
2%
1297 T Tillie
2%
1005 T Tinsley
2%
2069 T Tova
2%
813 T Treasure
2%
1927 U Unique
2%
830 V Vada
2%
822 V Valery
2%
818 V Veda
2%
2636 V Viktoria
2%
2665 V Vittoria
2%
1788 W Wesley
2%
1534 W Wilhelmina
2%
2299 W Wynn
2%
2503 Y Yelena
2%
1444 Y Yuri
2%
1535 Z Zadie
2%
1279 Z Zahara
2%
1727 Z Zaia
2%
1240 Z Zaira
2%
1162 Z Zaya
2%
800 Z Zayla
2%
1596 Z Zella
2%
869 Z Zhuri
2%
1605 Z Zion
2%
2365 Z Zofia
2%
2253 Z Zya
2%
1003 Z Zyla
2%
2695 A Aaradhya
1%
1264 A Aarna
1%
2505 A Acelynn
1%
1897 A Aella
1%
2453 A Aeris
1%
2696 A Aerith
1%
1482 A Ahlani
1%
870 A Ainara
1%
1822 A Akari
1%
2407 A Alethea
1%
2326 A Amaira
1%
2430 A Amaryllis
1%
2083 A Ambar
1%
2222 A Analiyah
1%
2432 A Anjali
1%
2236 A Annistyn
1%
2548 A Annya
1%
2484 A Anvika
1%
1995 A Anylah
1%
2775 A Arantza
1%
1097 A Arisbeth
1%
1230 A Arizbeth
1%
2225 A Athalia
1%
2885 A Atley
1%
2016 A Auden
1%
2189 A Auriella
1%
2386 A Avila
1%
1938 A Aviva
1%
2304 A Aziyah
1%
2458 A Aziza
1%
2167 A Azula
1%
1503 A Azuri
1%
1652 B Blessyn
1%
2512 B Blima
1%
2207 B Brighton
1%
1484 C Caeli
1%
2928 C Calani
1%
2845 C Callan
1%
2929 C Cambree
1%
2645 C Carlota
1%
1881 C Cattaleya
1%
2329 C Chany
1%
2846 C Charlette
1%
2672 C Ciana
1%
2932 C Clarity
1%
2514 C Cypress
1%
2893 D Davie
1%
1825 D Dayanna
1%
2491 D Dayla
1%
1578 D Delainey
1%
2435 D Delylah
1%
2350 E Eevee
1%
2587 E Eira
1%
1757 E Eisley
1%
1476 E Elayna
1%
2267 E Eleia
1%
1813 E Eliora
1%
2515 E Elisheva
1%
2240 E Elliette
1%
2309 E Ellory
1%
2390 E Ellyana
1%
1460 E Elyana
1%
2241 E Elyanna
1%
2553 E Emaan
1%
798 E Emberlynn
1%
2787 E Emmylou
1%
1781 E Empress
1%
2726 E Emrie
1%
2517 E Enola
1%
878 E Ensley
1%
1782 E Eowyn
1%
1440 E Esmae
1%
1011 E Essence
1%
1802 E Estefania
1%
2438 E Evani
1%
2649 E Evanna
1%
2757 E Evianna
1%
2616 F Fiadh
1%
1548 G Gisselle
1%
1999 G Goldy
1%
2702 G Gracyn
1%
1158 G Grecia
1%
1932 H Haddie
1%
2057 H Hailie
1%
2705 H Haniya
1%
2618 H Harbor
1%
1383 H Harlyn
1%
1619 H Hartley
1%
1759 H Hawa
1%
1218 H Heavenly
1%
2058 H Hiba
1%
1391 H Hollyn
1%
1401 H Honesty
1%
1875 H Hosanna
1%
2980 H Huntleigh
1%
2556 H Huntley
1%
2155 I Ileana
1%
1760 I Inaaya
1%
1620 I Iqra
1%
2759 I Island
1%
1069 I Itzayana
1%
2060 I Ivette
1%
851 I Ivey
1%
2392 I Iylah
1%
1696 J Jailyn
1%
1324 J Janae
1%
1707 J Jannah
1%
1099 J Jaylah
1%
1384 J Jaylin
1%
1934 J Jaylynn
1%
1638 J Jazzlyn
1%
653 J Jenesis
1%
1015 J Jianna
1%
2288 J Josette
1%
2417 J Josey
1%
1304 J Journei
1%
1301 J Journie
1%
2940 J Jozie
1%
789 J Jream
1%
2289 J Junia
1%
678 K Kaeli
1%
975 K Kahlani
1%
1850 K Kaliah
1%
1405 K Kalina
1%
810 K Kamari
1%
1658 K Kapri
1%
2245 K Karleigh
1%
1205 K Karma
1%
2257 K Karmyn
1%
680 K Karsyn
1%
1046 K Kaydence
1%
2679 K Kaylene
1%
1496 K Kaylin
1%
2360 K Kaylyn
1%
1359 K Kaylynn
1%
947 K Kenia
1%
2653 K Kenslee
1%
2820 K Kensleigh
1%
2176 K Kenzley
1%
886 K Keyla
1%
1622 K Keylani
1%
2906 K Kezia
1%
1050 K Keziah
1%
1191 K Khadija
1%
1412 K Khadijah
1%
1921 K Kinsey
1%
2467 K Kiyah
1%
2624 K Koda
1%
1478 K Kollins
1%
1023 K Kollyns
1%
1247 K Korra
1%
2907 K Kyara
1%
2945 K Kylani
1%
2561 K Kyler
1%
1106 K Kynlee
1%
2335 K Kynslee
1%
2443 L Laiken
1%
778 L Lakelynn
1%
2625 L Layah
1%
1425 L Leilah
1%
760 L Leilany
1%
2655 L Lennie
1%
2593 L Lillyanna
1%
2532 L Linden
1%
1470 L Linnea
1%
1669 L Liyana
1%
1250 L Lizbeth
1%
1403 L Londynn
1%
1540 L Lotus
1%
1521 L Louella
1%
2445 L Lourdes
1%
2950 M Mabry
1%
2863 M Maddyn
1%
2908 M Madelyne
1%
2211 M Madina
1%
1499 M Madisson
1%
1268 M Maelyn
1%
1107 M Maite
1%
2626 M Maiya
1%
1033 M Maizie
1%
2471 M Malaika
1%
1101 M Maleah
1%
2536 M Malena
1%
2952 M Maleni
1%
1182 M Maliah
1%
2158 M Malika
1%
2420 M Malinda
1%
2825 M Mallorie
1%
1948 M Manha
1%
1949 M Marbella
1%
1500 M Marcela
1%
592 M Marceline
1%
1367 M Mariela
1%
1950 M Marwa
1%
2293 M Mayah
1%
2802 M Mayli
1%
1726 M Mayra
1%
2683 M Mayte
1%
845 M Meilani
1%
1161 M Memphis
1%
2685 M Merida
1%
1057 M Micaela
1%
2826 M Milagro
1%
1341 M Milagros
1%
1210 M Mireya
1%
2741 M Miyah
1%
2992 M Mulan
1%
2910 M Myka
1%
2273 N Nahla
1%
1363 N Naila
1%
2687 N Naira
1%
1319 N Nairobi
1%
590 N Nalani
1%
2066 N Natalya
1%
2361 N Nava
1%
2804 N Nika
1%
1987 N Nirvana
1%
2475 N Niyah
1%
2712 N Noura
1%
2955 N Nusaybah
1%
811 N Nyomi
1%
2714 N Nyx
1%
2911 P Payson
1%
2538 P Porter
1%
2447 R Rainey
1%
2868 R Ravyn
1%
1641 R Reem
1%
1313 R Renley
1%
952 R Reya
1%
1712 R Rivky
1%
627 R Romina
1%
2082 R Rooney
1%
2567 R Rorie
1%
2913 R Rosabella
1%
1907 R Rosalinda
1%
2276 R Rosella
1%
2162 R Roxana
1%
2147 S Saira
1%
2570 S Samarah
1%
2633 S Samari
1%
1971 S Samaria
1%
2294 S Sequoia
1%
2811 S Sereniti
1%
2501 S Seven
1%
2769 S Shira
1%
1714 S Shyla
1%
1925 S Sinai
1%
2216 S Skai
1%
1380 S Skylynn
1%
2452 S Sofiya
1%
2130 S Solei
1%
978 S Soleil
1%
2829 S Sparrow
1%
2541 S Starr
1%
2217 S Sullivan
1%
2401 S Sumaya
1%
1973 S Sunni
1%
1612 S Sunnie
1%
1910 T Taliah
1%
2833 T Talya
1%
2634 T Teegan
1%
2296 T Teigan
1%
1843 T Tianna
1%
2918 T Timber
1%
2112 T Tinley
1%
2025 T Toby
1%
2297 U Ulani
1%
2573 V Valley
1%
2877 V Vanya
1%
733 W Whitley
1%
2813 W Winnifred
1%
950 X Xyla
1%
551 Y Yaretzi
1%
2010 Y Yasmeen
1%
2324 Y Yulissa
1%
1203 Y Yuna
1%
1192 Y Yusra
1%
1575 Z Zamira
1%
2301 Z Zaniya
1%
735 Z Zaniyah
1%
1895 Z Zariya
1%
638 Z Zariyah
1%
2342 Z Zayda
1%
831 Z Zaylee
1%
1631 Z Zayna
1%
1505 Z Zaynab
1%
1777 Z Zelie
1%
1613 Z Zeynep
1%
1332 Z Ziva
1%
1572 Z Ziya
1%
2302 Z Ziyah
1%
1536 Z Zylah
1%
1994 Z Zyra
1%
2967 A Aarohi
0%
1912 A Aavya
0%
2426 A Aayla
0%
1845 A Adalet
0%
2262 A Ahuva
0%
2544 A Akshara
0%
2607 A Alahia
0%
2456 A Alahni
0%
2814 A Alaura
0%
1517 A Alaysia
0%
871 A Alitzel
0%
2545 A Alyza
0%
2970 A Amoni
0%
2027 A Analeah
0%
1289 A Analeia
0%
2328 A Anayeli
0%
2841 A Anyeli
0%
2549 A Arelys
0%
2485 A Arianny
0%
1807 A Armoni
0%
2015 A Arwa
0%
2842 A Aseel
0%
2166 A Astraea
0%
2488 A Ayvah
0%
1273 A Ayzal
0%
2387 A Ayzel
0%
2282 A Azeneth
0%
2168 B Batsheva
0%
2925 B Blakley
0%
2671 B Blimy
0%
2100 B Bracha
0%
2238 B Brixley
0%
2413 C Caleigh
0%
1094 C Cattleya
0%
2306 C Cedar
0%
2931 C Cesia
0%
1833 C Chevelle
0%
2101 C Chosen
0%
2752 C Chozen
0%
2613 C Cianna
0%
2614 C Cimani
0%
2073 C Cirilla
0%
1635 C Citlali
0%
2192 D Daelyn
0%
1654 D Daenerys
0%
2699 D Daila
0%
2228 D Dailyn
0%
2154 D Dalani
0%
1189 D Dalary
0%
1495 D Dalett
0%
1564 D Damaria
0%
2349 D Dawsyn
0%
1884 D Dayami
0%
1616 D Daylin
0%
1705 D Debanhi
0%
2389 D Denali
0%
2307 D Denim
0%
1939 D Denisse
0%
2119 D Dhriti
0%
2753 E Edyn
0%
1546 E Ehlani
0%
1665 E Eimy
0%
2046 E Eiza
0%
2895 E Eliani
0%
2055 E Elianny
0%
2372 E Eliany
0%
1490 E Eliette
0%
2171 E Elif
0%
2615 E Eliyah
0%
2516 E Eliyana
0%
1347 E Eliyanah
0%
2754 E Ellamae
0%
2975 E Ellerie
0%
2724 E Ellington
0%
2756 E Elliotte
0%
2647 E Ellora
0%
2030 E Ellowyn
0%
1929 E Elsy
0%
1979 E Eluney
0%
2588 E Elyza
0%
2589 E Emarie
0%
2785 E Emiko
0%
1404 E Emmarie
0%
2786 E Emmersyn
0%
2076 E Emoni
0%
888 E Emryn
0%
1646 E Estefany
0%
2461 E Esty
0%
2352 E Eternity
0%
1583 E Evaluna
0%
2727 E Ezri
0%
2590 F Faiga
0%
1322 F Faigy
0%
650 G Galilea
0%
2758 G Galilee
0%
2018 G Gentry
0%
1998 G Gianella
0%
1593 G Gitty
0%
2701 G Golda
0%
2391 G Greer
0%
2354 G Grettel
0%
2650 G Gwenivere
0%
2898 H Haislee
0%
2554 H Haizlee
0%
1943 H Haizley
0%
2704 H Halia
0%
2899 H Harlym
0%
1902 H Harlynn
0%
1874 H Haya
0%
2937 H Hayat
0%
2373 H Hayven
0%
2900 H Hazely
0%
2242 H Hazley
0%
1735 H Heidy
0%
2032 H Hensley
0%
2374 H Hinda
0%
2020 H Hindy
0%
2210 H Honesti
0%
2789 H Husna
0%
1130 I Icelynn
0%
1402 I Idalia
0%
2853 I Ilani
0%
2493 I Illiana
0%
2981 I Ilyana
0%
1293 I Inara
0%
1513 I Irie
0%
1803 I Isela
0%
2902 I Ishani
0%
2854 I Ishika
0%
2939 I Islah
0%
2729 I Isley
0%
2312 I Italia
0%
2172 I Iyana
0%
1887 I Iyanna
0%
2903 I Izel
0%
2194 J Jadore
0%
2089 J Jaelani
0%
1311 J Jaelynn
0%
1849 J Jahzara
0%
2440 J Jaida
0%
2314 J Jailani
0%
2034 J Jailyne
0%
2983 J Jaina
0%
2356 J Jakayla
0%
1090 J Jalani
0%
1492 J Jalayah
0%
2156 J Jaleah
0%
652 J Jaliyah
0%
2791 J Jamilah
0%
2619 J Jamiyah
0%
2416 J Janelly
0%
2706 J Janiah
0%
1549 J Janiya
0%
860 J Janiyah
0%
1945 J Janyla
0%
1621 J Jaretssi
0%
2002 J Jaslyn
0%
2984 J Jaslynn
0%
2462 J Jaycie
0%
599 J Jaylani
0%
2357 J Jazaiyah
0%
2174 J Jazelle
0%
2985 J Jaziyah
0%
1770 J Jehilyn
0%
2175 J Jelani
0%
2140 J Jenevieve
0%
1595 J Jersey
0%
1139 J Jhene
0%
1679 J Jireh
0%
1919 J Jiya
0%
2904 J Joie
0%
2121 J Jordynn
0%
1903 J Joslyn
0%
2394 J Journii
0%
2676 J Jrue
0%
1888 J Julieth
0%
1477 J Jurnee
0%
2941 J Justyce
0%
1585 K Kaelani
0%
2677 K Kahlia
0%
2623 K Kaiah
0%
1113 K Kailany
0%
984 K Kairi
0%
1145 K Kaisley
0%
2651 K Kaiyah
0%
2523 K Kalaya
0%
1762 K Kalayah
0%
1411 K Kalea
0%
1283 K Kaleah
0%
1982 K Kaleia
0%
2855 K Kalena
0%
507 K Kaliyah
0%
2708 K Kamani
0%
2376 K Kamaria
0%
2678 K Kamaya
0%
1160 K Kamilah
0%
1863 K Kamiya
0%
917 K Kamiyah
0%
1220 K Kamora
0%
2857 K Kaoir
0%
1963 K Kaori
0%
1246 K Karely
0%
2943 K Katalyna
0%
2317 K Katana
0%
2418 K Kavya
0%
1349 K Kaycee
0%
2559 K Kaylanie
0%
1558 K Kayleen
0%
2733 K Kayloni
0%
2680 K Keegan
0%
1449 K Keidy
0%
1360 K Keilany
0%
2442 K Keiry
0%
2560 K Kenlee
0%
2526 K Kenleigh
0%
2764 K Kensington
0%
2122 K Kenzlee
0%
1964 K Keren
0%
2177 K Keyli
0%
2765 K Keylin
0%
867 K Khalani
0%
1623 K Khalia
0%
1609 K Khari
0%
1865 K Khelani
0%
1920 K Kiari
0%
915 K Kimora
0%
2318 K Kinzlee
0%
1366 K Kinzley
0%
2528 K Kitana
0%
1243 K Kiyomi
0%
2091 K Klover
0%
2822 K Kobi
0%
2497 K Koi
0%
2395 K Kolbie
0%
2944 K Krisha
0%
2654 K Kristel
0%
1771 K Kyndall
0%
2823 K Kynleigh
0%
1306 K Kyomi
0%
1624 L Laikyn
0%
1640 L Lakyn
0%
1904 L Laniyah
0%
1142 L Laramie
0%
2736 L Layken
0%
1984 L Layton
0%
1667 L Legaci
0%
2986 L Leiana
0%
628 L Lennox
0%
2079 L Lennyn
0%
1601 L Leora
0%
2291 L Linley
0%
1793 L Litzy
0%
1772 L Lizeth
0%
2533 L Lluvia
0%
2949 L Lovelyn
0%
2023 L Lowen
0%
1471 L Lucero
0%
1013 L Lyanna
0%
2862 L Lylla
0%
1660 L Lynlee
0%
2419 L Lynnlee
0%
1968 M Madden
0%
1877 M Maelani
0%
2470 M Maelee
0%
1117 M Maelynn
0%
2909 M Maeven
0%
2740 M Maevyn
0%
2534 M Mahira
0%
2535 M Mahlani
0%
2597 M Mahogany
0%
2007 M Mailani
0%
1710 M Mailen
0%
2951 M Mailyn
0%
2864 M Maisley
0%
1750 M Maisyn
0%
2710 M Maizey
0%
1434 M Majesty
0%
1773 M Makena
0%
2598 M Makiyah
0%
1785 M Malak
0%
847 M Malaya
0%
969 M Malayah
0%
2093 M Maleia
0%
1056 M Malka
0%
1698 M Malky
0%
2988 M Maloni
0%
2989 M Marcelina
0%
2319 M Mariajose
0%
2628 M Maribelle
0%
2800 M Maricela
0%
1794 M Mariyah
0%
2247 M Maryn
0%
2656 M Masa
0%
2629 M Mayar
0%
2258 M Mayeli
0%
2398 M Maylani
0%
1378 M Maylin
0%
2379 M Mayzie
0%
1216 M Mazikeen
0%
2990 M Mecca
0%
1261 M Meera
0%
2212 M Mehlani
0%
2866 M Meira
0%
2953 M Melek
0%
1567 M Merritt
0%
2321 M Metztli
0%
2564 M Miabella
0%
2686 M Miamor
0%
2008 M Mileena
0%
2399 M Miliana
0%
2183 M Minha
0%
2954 M Miraya
0%
1610 M Mirha
0%
2421 M Misk
0%
2422 M Miyori
0%
1318 M Monserrat
0%
1339 M Montserrat
0%
2565 M Morrigan
0%
2065 N Nahomi
0%
2766 N Nahomy
0%
2657 N Naiari
0%
1687 N Nailah
0%
2274 N Nailea
0%
1951 N Naima
0%
1551 N Nami
0%
1837 N Nariah
0%
1838 N Nariyah
0%
1588 N Nashly
0%
2827 N Nasya
0%
2126 N Natalee
0%
1148 N Nathaly
0%
1851 N Naylani
0%
2658 N Nayomi
0%
1867 N Nazareth
0%
2446 N Nazly
0%
1568 N Nechama
0%
992 N Neriah
0%
1689 N Neylan
0%
2423 N Nihira
0%
1672 N Noelani
0%
1456 N Novaleigh
0%
1493 N Novalie
0%
1839 N Novalynn
0%
2713 N Novella
0%
2806 N Nubia
0%
2956 N Nyari
0%
2994 P Pessy
0%
1328 P Prisha
0%
2476 Q Quetzaly
0%
1765 R Raeleigh
0%
2539 R Raeya
0%
2249 R Rahma
0%
2715 R Railynn
0%
2362 R Raiya
0%
2363 R Raizel
0%
1711 R Raizy
0%
1648 R Raleigh
0%
2095 R Ramsey
0%
2995 R Raniyah
0%
2275 R Rayah
0%
1369 R Rayleigh
0%
2716 R Razan
0%
2767 R Rehmat
0%
1774 R Remedy
0%
2743 R Renesmae
0%
2145 R Renlee
0%
2869 R Reverie
0%
1642 R Rhaenyra
0%
2339 R Rhema
0%
2231 R Rhylee
0%
2871 R Rhythm
0%
1868 R Ridley
0%
1541 R Rilynn
0%
1174 R Ripley
0%
2959 R Riverlyn
0%
1524 R Riverlynn
0%
2146 R Riyah
0%
2477 R Rocio
0%
2380 R Romee
0%
1451 R Roslyn
0%
1019 R Rowyn
0%
2340 R Ruhi
0%
2163 R Rumani
0%
2260 R Ryah
0%
1525 R Rylynn
0%
2129 R Rynlee
0%
2569 R Ryver
0%
965 S Saanvi
0%
2915 S Sabella
0%
2690 S Safia
0%
2024 S Sahana
0%
2809 S Sahasra
0%
2067 S Sahily
0%
1989 S Samadhi
0%
2450 S Samaira
0%
2053 S Samiya
0%
1692 S Samiyah
0%
2148 S Sanaa
0%
1603 S Sanai
0%
2451 S Saniya
0%
1465 S Saniyah
0%
1516 S Santana
0%
2873 S Sanvi
0%
1908 S Saphira
0%
945 S Sarahi
0%
2916 S Saraya
0%
996 S Sariah
0%
1682 S Sarina
0%
2199 S Sariya
0%
577 S Sariyah
0%
2478 S Sayla
0%
2997 S Saylah
0%
1674 S Sayori
0%
2961 S Scotland
0%
1893 S Scotlyn
0%
2603 S Scottlyn
0%
1739 S Sedona
0%
2810 S Sena
0%
2164 S Shaindy
0%
1628 S Shanaya
0%
1713 S Sherlyn
0%
2233 S Sheyla
0%
2479 S Shreya
0%
2110 S Sianna
0%
2295 S Siara
0%
1715 S Sidra
0%
2400 S Sitara
0%
934 S Solana
0%
2770 S Sonora
0%
2917 S Souline
0%
2963 S Stefany
0%
1277 S Sterling
0%
2251 S Sury
0%
2252 S Swayze
0%
1420 S Symphony
0%
2748 T Taelyn
0%
1894 T Taelynn
0%
2830 T Talayah
0%
2964 T Taleah
0%
2875 T Taleen
0%
2832 T Talitha
0%
1102 T Taliyah
0%
2480 T Tamia
0%
2876 T Taniyah
0%
2571 T Tasneem
0%
2572 T Taylee
0%
2201 T Taylin
0%
2834 T Taylynn
0%
1991 T Temperance
0%
1752 T Tenley
0%
2663 T Tenzin
0%
2009 T Theia
0%
2218 T Thyri
0%
2965 T Tommie
0%
2635 T Treazure
0%
2502 T Tylee
0%
2919 V Vaani
0%
1562 V Vaeda
0%
1504 V Valkyrie
0%
2664 V Vallie
0%
2835 V Vanellope
0%
1224 V Vayda
0%
2277 V Vesper
0%
2692 V Vianna
0%
2836 V Vianney
0%
1701 W Walker
0%
2772 W Wateen
0%
2812 W Weslie
0%
2773 W Weslynn
0%
1742 W Winry
0%
1717 W Winslow
0%
1437 W Wrenly
0%
3000 W Wynonna
0%
2574 X Xareni
0%
2878 X Xaria
0%
2693 X Xavia
0%
1571 X Xitlali
0%
1135 X Xochitl
0%
1299 X Xolani
0%
2043 X Xylah
0%
2300 Y Yailin
0%
1992 Y Yamilet
0%
909 Y Yamileth
0%
1386 Y Yaneli
0%
721 Y Yareli
0%
1935 Y Yarely
0%
1256 Y Yaritza
0%
1844 Y Yatziri
0%
2011 Y Yehudis
0%
2879 Y Yeimy
0%
2278 Y Yelitza
0%
1993 Y Yitty
0%
2666 Y Yocheved
0%
1650 Y Yoselin
0%
1553 Y Yuliana
0%
2279 Z Zaida
0%
1955 Z Zaila
0%
2694 Z Zalaya
0%
2384 Z Zalayah
0%
2718 Z Zaliyah
0%
2667 Z Zamara
0%
1776 Z Zamora
0%
2668 Z Zarina
0%
2504 Z Zaylah
0%
2575 Z Zeina
0%
2404 Z Zenaida
0%
2576 Z Zhavia
0%
1302 Z Zinnia
0%
2637 Z Zipporah
0%
No matching quizzes found
Score Distribution
Percent of People with Each Score
Percentile by Number Answered
Your Score History
You have not taken this quiz